Los problemas sociales o temas de controversia social en la enseñanza de la geografía : aportes para su aplicación en el aula

Uno de los grandes desafíos que diariamente afrontan los profesores de la enseñanza secundaria es cómo motivar a los alumnos y predisponerlos a pensar. Esta cuestión no resulta una tarea sencilla y requiere revisar la cuestión metodológica y las estrategias de enseñanza y aprendizaje que se trabaja...

Full description

Bibliographic Details
Main Author: Prieto, María Natalia
Other Authors: Lorda, María Amalia (autora)
Format: Analitica de revista
Language:Spanish
Published: Costa Rica : Universidad Nacional Heredia, 2011.
Subjects:
Online Access:Acceso electrónico al documento

MARC

LEADER 00000nam a22000007a 4500
008 251015s2011 cr |||| |||| 00| 0 spa d
040 |a UAHC  |c UAHC 
100 |a Prieto, María Natalia  |9 22363 
245 1 0 |a Los problemas sociales o temas de controversia social en la enseñanza de la geografía :  |b aportes para su aplicación en el aula  |c María Natalia Prieto ; María Amalia Lorda. 
260 |a Costa Rica :  |b Universidad Nacional Heredia,  |c 2011. 
300 |a 19 páginas. 
500 |a En : Revista Geográfica de América Central, volumen 2, 2011. Desde la página 1 a la 18. 
520 |a Uno de los grandes desafíos que diariamente afrontan los profesores de la enseñanza secundaria es cómo motivar a los alumnos y predisponerlos a pensar. Esta cuestión no resulta una tarea sencilla y requiere revisar la cuestión metodológica y las estrategias de enseñanza y aprendizaje que se trabajan en el aula. El modo en como el docente acerca el conocimiento al alumno constituye una de las variables más importantes para el desarrollo de los procesos de enseñanza- aprendizaje y uno de los interrogantes más frecuentes que suelen expresar los docentes: ¿cómo enseñar Geografía de manera atractiva y motivadora, de modo de favorece el aprendizaje significativo y ayudar a pensar la realidad?. Indudablemente este cuestionamiento requiere de una postura activa del docente para analizar y cuestionar la metodología que emplea y los resultados de aprendizajes que promueve. 
650 0 |9 270  |a Movimientos sociales 
700 |a Lorda, María Amalia  |9 22364  |e autora 
856 |y Acceso electrónico al documento  |u https://www.redalyc.org/pdf/4517/451744820101.pdf 
942 |c REVA  |2 ddc 
952 |0 0  |1 0  |4 0  |6 RECURSO_ELECTRÓNICO  |7 0  |8 COMP  |9 101379  |a BR  |b BR  |c Digital  |d 2025-10-15  |l 0  |o Recurso electrónico  |r 2025-10-15 21:08:39  |w 2025-10-15  |y REVA  |B PBAS 
999 |c 63093  |d 63093